000 00847 a2200241 4500
001 41174
005 20260407155705.0
008 260407a2005 arg spa d
003 AR-UNSa-BCEJYS
040 _aAR-UNSa-BCEJYS
_bspa
_cAR-UNSa-BCEJYS
080 _a347.736
_xQuiebra. Insolvencia. Suspensión de pagos. Bancarrota, procedimientos. Derecho Concursal
245 1 0 _aEl nuevo acuerdo preventivo extrajudicial
_pLey 25.589
020 _a978-950-894-519-8
250 _a2a. ed.
264 1 _aBuenos Aires :
_bAD-HOC
_c2005
300 _a224 p.
_c23 cm.
505 _a1. Introducción - 2. Análisis del Instituto
041 _aspa
942 _cBK
590 _aniveau_biblio:m niveau_hierar:0
100 1 _aTruffat, Edgardo Daniel
856 4 1 _uhttps://biblioeco.unsa.edu.ar/pmb/images/libros/L126398.jpg
_yImagen de portada
_qimage/jpeg
999 _c3396
_d3396